Baby Names: 'B' Boy Names by Decade Quiz Stats

 Plays Quiz Updated Oct 16, 2020

Support Sporcle.
Go Orange.
Score 0/69 Timer 08:00
3 Plays Today
Decade Name % Correct
1880sBen
89.2%
1890sBen
89.2%
1900sBen
89.2%
1910sBen
89.2%
2010sBenjamin
88.6%
1900sBill
87.4%
1910sBill
87.4%
1920sBill
87.4%
1930sBill
87.4%
1940sBill
87.4%
1880sBenjamin
85.3%
1890sBenjamin
85.3%
1900sBenjamin
85.3%
1910sBenjamin
85.3%
1920sBenjamin
85.3%
1970sBenjamin
85.3%
1980sBenjamin
85.3%
1990sBenjamin
85.3%
2000sBenjamin
85.3%
1920sBilly
79.2%
1930sBilly
79.2%
1940sBilly
79.2%
1950sBilly
79.2%
1960sBilly
79.2%
1950sBrian
77.7%
1960sBrian
77.7%
1970sBrian
77.7%
1980sBrian
77.7%
1990sBrian
77.7%
2000sBrian
77.7%
1920sBobby
75%
1930sBobby
75%
1940sBobby
75%
1950sBobby
75%
2010sBrandon
70.5%
Decade Name % Correct
1960sBradley
66.6%
1970sBradley
66.6%
1980sBradley
66.6%
1990sBradley
66.6%
1960sBryan
64.2%
1970sBryan
64.2%
1980sBryan
64.2%
1990sBryan
64.2%
2000sBryan
64.2%
1970sBrandon
64%
1980sBrandon
64%
1990sBrandon
64%
2000sBrandon
64%
1880sBert
56%
1890sBert
56%
1940sBarry
54.5%
1950sBarry
54.5%
2010sBlake
50.5%
1930sBruce
46.3%
1940sBruce
46.3%
1950sBruce
46.3%
1960sBruce
46.3%
2010sBrayden
42.5%
1880sBernard
41.6%
1890sBernard
41.6%
1900sBernard
41.6%
1910sBernard
41.6%
1920sBernard
41.6%
1930sBernard
41.6%
1890sBennie
28.7%
1900sBennie
28.7%
1910sBennie
28.7%
2000sBrayden
26.6%
2010sBentley
24.8%

From the Vault

Phenomenal Weather Pictures

by NYYanks

Science 4m
Weather is a wild thing, as this quiz proves.
Remove Ads.
Support Sporcle.
Get the best of Sporcle when you Go Orange. This ad-free experience offers more features, more stats, and more fun while also helping to support Sporcle. Thank you for becoming a member.

Show Comments

Extras

Top Quizzes Today


Score Distribution

Your Account Isn't Verified!

In order to create a playlist on Sporcle, you need to verify the email address you used during registration. Go to your Sporcle Settings to finish the process.

Report this User

Report this user for behavior that violates our Community Guidelines.

Details: